| 000 | 00687nam a2200169 4500 | ||
|---|---|---|---|
| 001 | 139899 | ||
| 003 | ES-MaACL | ||
| 007 | t| | ||
| 008 | 070214n19001980sp r ||||1| spa d | ||
| 100 | 1 |
_aSchmalenbach, Eugen. _9104442 |
|
| 245 | 1 | 0 |
_aBalance dinámico / _cDr. Eugenio Schmalenbach ; traducción de la décimoprimera edición alemana ; prólogo del Dr. Antonio Rodríguez Sastre. |
| 260 |
_aMadrid : _bInstituto de Censores Jurados de Cuentas de España, _c[19__?] |
||
| 300 |
_a355 p., 1 lám. = retr. aut. ; _c22 cm. |
||
| 700 | 1 |
_aRodríguez Sastre, Antonio. _998816 |
|
| 700 | 1 |
_aInstituto de Censores Jurados de Cuentas de España. _965344 |
|
| 852 |
_aES-MaACL _jC-6190 _bR.35578 |
||
| 999 |
_c139899 _d139899 |
||